Statistiques concernant Paroles : Qui a le droit?

Cliquez ici pour prendre le quiz!

Statistiques générales

  • Ce quiz a été pris 1 299 fois
    (1 065 depuis la dernière actualisation)
  • Le résultat moyen est 252 sur 289

Statistiques - réponses

Paroles% Correct
a
100%
à
100%
À
100%
qui
100%
qui,
100%
Qui
100%
de
99%
droit
99%
le
99%
Le
99%
en
98%
ca
97%
ça
97%
enfant
97%
un
96%
faire
95%
la
95%
"Les
95%
les
95%
On
95%
on
95%
pas
94%
quoi
94%
sa
94%
"Te
94%
des
93%
m'a
93%
vie
93%
grands
92%
que
92%
croit
91%
disent
91%
Et
91%
et
91%
Pour
91%
pour
91%
vraiment
91%
c'que
90%
d'faire
90%
dit
90%
sert
90%
dire
89%
ment
89%
merci
89%
Merci
89%
tu
89%
beau
88%
enfants
88%
l'on
88%
passe
88%
temps
88%
m'avait
87%
pluie
87%
trop
87%
c'est
85%
petit,
85%
petit
85%
sais
85%
pose
84%
questions
84%
il
83%
tout
83%
son
82%
une
82%
avec
79%
"T'es
79%
comprendre"
78%
savoir?
78%
vouloir
78%
j'ai
77%
mais,
77%
mais
77%
tous
77%
t'répond
77%
place
76%
prendre
76%
fait
75%
grandi
75%
père"
75%
sont
75%
voir"
75%
peux
74%
l'air
73%
ou
73%
quand
73%
Regarde
73%
rien
73%
vois
73%
pareils
72%
y
72%
Maman
71%
s'est
71%
hommes
70%
mien
70%
bien
69%
seul
69%
soleil"
69%
écouter
68%
"Faut
68%
qu'un
68%
dieux,
66%
Oui
65%
plusieurs
65%
brûle
64%
paire
64%
brille
63%
toi
63%
l'soleil
62%
aussi,
61%
bulles
61%
sur
61%
bois
60%
conneries!
60%
meurs
59%
parles
59%
qu'on
59%
belles
58%
histoires,
57%
soif
57%
t'en
57%
j'suis
56%
nos
55%
Alors
52%
doutes
52%
peurs
51%
route
51%
angoisses
50%
maintenant
48%
s'retrouve
47%

Distribution des résultats

Percentile par nombre de réponses

% des personnes avec chaque résultat

Votre développement - résultats

Vous n’avez pas pris ce quiz depuis la dernière actualisation